|
|
|
|
| LEADER |
00000nam0a2200000 4500 |
| 001 |
193491 |
| 005 |
20231101224506.0 |
| 020 |
|
|
|a RU
|b 82-65856
|
| 035 |
|
|
|a (RuTPU)RU\TPU\book\211025
|
| 090 |
|
|
|a 193491
|
| 100 |
|
|
|a 20110323d1981 m a0rusy5003 ca
|
| 101 |
0 |
|
|a rus
|
| 102 |
|
|
|a RU
|
| 105 |
|
|
|a a z 101zy
|
| 200 |
1 |
|
|a Космическая индустрия
|e труды XV чтений, посвященных разработке научного наследия и развитию идей К. Э. Циолковского, Калуга, 12-15 сент. 1980 г.
|f Государственный музей истории космонавтики им. К. Э. Циолковского ; под ред. С. Д. Гришин
|
| 210 |
|
|
|a Москва
|c ИИЕТ
|d 1981
|
| 215 |
|
|
|a 124 с.
|c ил.
|d 25 см
|
| 600 |
|
1 |
|a Циолковский
|g Константин Эдуардович
|b К. Э.
|c русский ученый
|c изобретатель
|c основоположник современной космонавтики
|f 1857-1935
|2 stltpush
|3 (RuTPU)RU\TPU\pers\1304
|
| 610 |
1 |
|
|a технологии
|
| 610 |
1 |
|
|a индустрия
|
| 610 |
1 |
|
|a космос
|
| 610 |
1 |
|
|a космическое пространство
|
| 610 |
1 |
|
|a индустриализация
|
| 610 |
1 |
|
|a космическая технология
|
| 610 |
1 |
|
|a энергия
|
| 610 |
1 |
|
|a применение
|
| 675 |
|
|
|a 629.78
|z rus
|
| 702 |
|
1 |
|a Гришин
|b С. Д.
|g Сергей Дмитриевич
|4 340
|
| 712 |
1 |
2 |
|a Чтения, посвященные разработке научного наследия и развитию идей К. Э. Циолковского
|c чтения
|d 15
|e Калуга
|f 1980
|
| 712 |
0 |
2 |
|a Государственный музей истории космонавтики
|2 stltpush
|3 (RuTPU)RU\TPU\col\15626
|9 26196
|
| 801 |
|
0 |
|a RU
|b RuMRKP
|c 19950704
|g psbo
|
| 801 |
|
1 |
|a RU
|b 63413507
|c 20110323
|
| 801 |
|
2 |
|a RU
|b 63413507
|c 20111010
|g RCR
|
| 942 |
|
|
|c BK
|